LEADER 01074nam2-2200373---450- 001 990002842410203316 005 20061204103518.0 010 $a2-02-011481-X 035 $a000284241 035 $aUSA01000284241 035 $a(ALEPH)000284241USA01 035 $a000284241 100 $a20061204d1990----km-y0itay50------ba 101 0 $afre 102 $aFR 105 $ay|||z|||001yy 200 1 $a<<1.>> : <> sondeur d'abîmes$e1885-1933$fJean Lacouture 210 $aParis$cÉditions du Seuil$d1990 215 $a404 p.$d18 cm 225 2 $aPoints$v206 410 0$12001$aPoints$v206 461 1$1001000284239$aFrançois Mauriac 600 1$aMauriac,$bFrançois 676 $a843.91 700 1$aLACOUTURE,$bJean$0390969 801 0$aIT$bsalbc$gISBD 912 $a990002842410203316 951 $aVI.4.B. 780/1(II f C 495/1)$b189049 L.M.$cVI.4.$d00119331 959 $aBK 969 $aUMA 979 $aANNAMARIA$b90$c20061204$lUSA01$h1031 979 $aANNAMARIA$b90$c20061204$lUSA01$h1035 996 $aSondeur d'abîmes$9993274 997 $aUNISA LEADER 01875oam 2200505M 450 001 9910716174503321 005 20200213070910.4 035 $a(CKB)5470000002518368 035 $a(OCoLC)1065600170 035 $a(OCoLC)995470000002518368 035 $a(EXLCZ)995470000002518368 100 $a20071213d1926 ua 0 101 0 $aeng 135 $aurcn||||||||| 181 $ctxt$2rdacontent 182 $cc$2rdamedia 183 $acr$2rdacarrier 200 10$aBridge across the Tombigbee River near Gainesville, Ala. March 6 (calendar day, March 8), 1926. -- Ordered to be printed 210 1$a[Washington, D.C.] :$c[U.S. Government Printing Office],$d1926. 215 $a1 online resource (2 pages) 225 1 $aSenate report / 69th Congress, 1st session. Senate ;$vno. 293 225 1 $a[United States congressional serial set ] ;$v[serial no. 8524] 300 $aBatch processed record: Metadata reviewed, not verified. Some fields updated by batch processes. 300 $aFDLP item number not assigned. 517 $aBridge across the Tombigbee River near Gainesville, Ala. March 6 606 $aBridge construction industry 606 $aBridges$xDesign and construction 606 $aBridges 606 $aLegislative amendments 608 $aLegislative materials.$2lcgft 615 0$aBridge construction industry. 615 0$aBridges$xDesign and construction. 615 0$aBridges. 615 0$aLegislative amendments. 701 $aBingham$b Hiram$f1875-1956$pRepublican (CT)$0463205 801 0$bWYU 801 1$bWYU 801 2$bOCLCO 801 2$bOCLCQ 801 2$bOCLCO 801 2$bOCLCQ 906 $aBOOK 912 $a9910716174503321 996 $aBridge across the Tombigbee River near Gainesville, Ala. March 6 (calendar day, March 8), 1926. -- Ordered to be printed$93490985 997 $aUNINA